Hlavná téma - Skrachované banky

Prehľad skrachovaných bánk na Slovensku. O pozadí skrachovanej Devín banky. Zdroje fondu ochrany vkladov. Vklady vyplatené klientom skrachovaných bánk.

Na minha lista:
Detalhes bibliográficos
Autor principal: Šporer, Peter
Outros Autores: Onuferová, Marianna
Formato: Capítulo de Livro
Idioma:eslovaco
Assuntos:
Tags: Adicionar Tag
Sem tags, seja o primeiro a adicionar uma tag!

MARC

LEADER 00000naa a2200000 4500
001 r048392
005 20230908082610.4
041 0 |a slo 
044 |a SK 
245 1 0 |a Hlavná téma - Skrachované banky  |c Peter Šporer, Marianna Onuferová 
520 |a Prehľad skrachovaných bánk na Slovensku. O pozadí skrachovanej Devín banky. Zdroje fondu ochrany vkladov. Vklady vyplatené klientom skrachovaných bánk. 
610 2 0 |a banky 
610 2 0 |a konkurzy 
610 2 0 |a ochrana vkladov 
610 2 0 |a klienti 
610 2 0 |a Devín banka, a.s. Bratislava 
610 2 0 |a Slovensko 
100 1 |a Šporer, Peter 
700 1 |a Onuferová, Marianna